000 00536nam a22001697a 4500
999 _c196856
_d196856
005 20230804112641.0
010 _aENG-137669
020 _a9788185488247
_c150.00
035 _aEN-121201
037 _bUniversity Book House Pvt. Ltd.
100 _aGoyal,S.M.
245 _aEducational Thoughts:
_bFood For Thoughts /
_cby S.M. Goyal
260 _aJaipur
_bUniversity Book House Pvt. Ltd.
_c2010
270 _a79, Chaura Rasta, Jaipur
_bJaipur
_e302003
300 _a155p.
_c21cm(pbk)
942 _2ddc
_cEN
_h370.1
_mGOY